[Event "Bundesliga 0607"]
[Site "Germany"]
[Date "2006.10.29"]
[Round "2.8"]
[White "Straeter, Timo"]
[Black "Schlosser, Philipp"]
[Result "0-1"]
[WhiteElo "2345"]
[BlackElo "2554"]
[Annotator "Reeh,O"]
[PlyCount "82"]
[EventDate "2006.10.28"]
[EventType "team-tourn"]
[EventRounds "15"]
[EventCountry "GER"]
[SourceTitle "CBM 116"]
[Source "ChessBase"]
[SourceDate "2007.02.01"]
[SourceVersion "1"]
[SourceVersionDate "2007.02.01"]
[SourceQuality "1"]
[WhiteTeam "Wattenscheid"]
[BlackTeam "Baden-Baden"]
[WhiteTeamCountry "GER"]
[BlackTeamCountry "GER"]

1. d4 Nf6 2. Nf3 d5 3. Bf4 c5 4. e3 Nc6 5. c3 Qb6 6. Qb3 c4 7. Qc2 Bf5 $1 8.
Qc1 (8. Qxf5 Qxb2 {and White loses material, e.g. und Weiß verliert Material,
zum Beispiel} 9. Be2 {[%tqu "En","","","","e7e6","Before Black takes on a1,
the white queen must be deflected from c2. 9...g6 would be just as good.",10,
"b2a1","",0]} e6 $1 ({But not Nicht aber} 9... Qxa1 $2 10. Qc2 {and the black
queen is trapped. und die schwarze Dame ist gefangen.}) 10. Qh3 Qxa1 {Only
now! Erst jetzt!}) 8... e6 9. Nbd2 Nh5 10. Bg5 f6 11. Bh4 g5 12. Bg3 Bg6 13.
Be2 Rc8 14. Bd1 Qd8 15. Bc2 b5 16. O-O f5 17. b3 Nxg3 18. hxg3 g4 19. Nh4 Be7
20. bxc4 bxc4 21. Nxg6 $2 {Opening the h-file for Black. Öffnet die h-Linie
für Schwarz.} (21. Ba4 {was okay for White, for example war in Ordnung für
Weiß, zum Beispiel} Bxh4 22. gxh4 Qxh4 23. Qb2 {threatening 24.Qb7. mit der
Drohung 24.Qb7.}) 21... hxg6 22. e4 {Probably White had pinned his hopes on
this push, but... Auf diesen Vorstoß hatte Weiß wahrscheinlich seine
Hoffnungen gesetzt, aber...} Qa5 $1 {Calm and strong. Ebenso ruhig wie stark.}
({Not wishing to allow White's bishop any freedom after Erlaubt dem weißen
Läufer keinerlei Freiheit nach} 22... fxe4 23. Bd1 ({or even oder sogar} 23.
Nxe4 $5 dxe4 24. Bxe4)) 23. exd5 exd5 {Black is clearly on top, since apart
from the open h-file he has more space and the far superior light pieces.
Schwarz hat klar die Oberhand, denn abgesehen von der h-Linie besitzt er mehr
Raum und die deutlich überlegenen Leichtfiguren.} 24. Bd1 Kf7 {White can only
helplessly watch his opponent's rook doubling on the h-file. Weiß kann der
Türmeverdopplung in der h-Linie nur hilflos zusehen.} 25. Be2 Bf6 26. Re1 Rh7
27. Rb1 Qc7 28. Nf1 Rch8 29. f3 {[%tqu "En","How would you continue Black's
attack?","The h-file alone is not enough, Black needs more open lines.","",
"c6d4","Good! Since this knight is taboo, Black wins an important pawn.",10,
"De","Wie würden Sie den schwarzen Angriff fortsetzen?","Die h-Linie allein
reicht nicht. Schwarz braucht weitere offene Linien.","","c6d4","Gut! Da
dieser Springer tabu ist, gewinnt Schwarz einen wichtigen Bauern.",10]} Nxd4 $1
{Winning an important pawn and weakening the dark squares even more. Gewinnt
einen wichtigen Bauern und schwächt noch weiter die dunklen Felder.} 30. Qd2 (
30. cxd4 Bxd4+ 31. Ne3 Qxg3 {and Black mates, since after und Schwarz setzt
matt, denn nach} 32. Rb7+ Kf6 33. Rxh7 {follows folgt} Bxe3+ 34. Qxe3 Qxe1+ 35.
Bf1 Qxe3+) 30... gxf3 31. Bxf3 Nxf3+ 32. gxf3 Rd8 33. Kg2 Rhh8 34. Rb5 Qc6 35.
Reb1 Rd7 36. Ne3 d4 37. cxd4 Bxd4 38. Nxf5 {[%tqu "En","How would you react to
White's desperate knight sacrifice?","Black can exploit the vis-a-vis in the
d-file of rook and queen.","Think of a way to remove the bishop from the
d-file a with CHECK.","h8h2","Winning the queen!",10,"De","Wie würden Sie auf
das weiße Verzweiflungsopfer reagieren?","Schwarz kann die Gegenüberstellung
von Turm und Dame in der d-Linie ausnutzen.","Sehen Sie eine Möglichkeit, wie
der Läufer die d-Linie mit SCHACH räumen könnte?","h8h2","Gewinnt die Dame!",
10]} Rh2+ $1 ({Not allowing White any swindling chances after Erlaubt Weiß
keine Schwindelchanchen mehr nach} 38... gxf5 39. Rxf5+ Ke7 (39... Bf6 $4 {
[%tqu "En","","","","f5f6","",10]} 40. Rxf6+ $1 Kxf6 {, and now White has even
two possibilities to draw: , und nun hat Weiß sogar zwei Möglichkeiten zu
remisieren:} 41. Qf4+ ({or oder} 41. Qc3+ Kg6 42. Qxh8 Rd2+ 43. Kh3) 41... Kg7
42. Qg4+ {and due to the hanging Rd7, Black cannot escape from the perpetual
check. und aufgrund des hängenden Rd7 kann Schwarz nicht aus dem Dauerschach
entkommen.})) 39. Kxh2 {[%tqu "En","What was the point of the previous rook
sacrifice?","Beachten Sie die Motive: Blockade , Clearance , Discovered attack
.","","d4g1","Of course!",10,"De","Was war die Pointe des vorangegangenen
Turmopfers?","","","d4g1","Natürlich!",10]} Bg1+ $1 {The point - Black wins
the queen and the game. Die Pointe - Schwarz gewinnt die Dame und die Partie.}
40. Kxg1 Rxd2 41. Rb7+ Kf6 0-1

[Event "Rubinstein Memorial"]
[Site "Polanica Zdroj"]
[Date "1993.??.??"]
[Round "4"]
[White "Ribli, Zoltan"]
[Black "Sosonko, Gennadi"]
[Result "1-0"]
[WhiteElo "2610"]
[BlackElo "2525"]
[Annotator "Ribli,Z"]
[PlyCount "79"]
[EventDate "1993.08.??"]
[EventType "tourn"]
[EventRounds "11"]
[EventCountry "POL"]
[EventCategory "13"]
[SourceTitle "CBM 037"]
[Source "ChessBase"]
[SourceDate "1993.12.01"]
[SourceVersion "1"]
[SourceVersionDate "1993.12.01"]
[SourceQuality "1"]

1. Nf3 d5 2. g3 c5 3. Bg2 Nc6 4. d4 Nf6 5. O-O Bg4 6. dxc5 $1 e5 (6... e6 7.
Be3 $1 Ne4 8. c4 Bxc5 9. Bxc5 Nxc5 10. cxd5 exd5 {Vaganian,R-Ljubojevic,Lj/
Reggio Emilia/1991/} 11. Nd4 $1 $16) 7. c4 Bxc5 (7... d4 8. b4 $1 e4 9. b5 exf3
10. exf3 $16) 8. cxd5 Qxd5 9. Nc3 $1 Qxd1 10. Rxd1 h6 11. Na4 Be7 12. Be3 Rc8 (
12... e4 13. Nd4 Nxd4 14. Rxd4 Bxe2 15. Nc3 $1 Bf3 16. Nxe4 Bxg2 17. Kxg2 O-O
18. Rad1 a6 19. Nd6 Rfd8 20. Nf5 Kf8 21. Nxe7 Rxd4 22. Bxd4 Kxe7 23. Bc5+ Ke6
24. Rd6+ Kf5 25. Bd4 Rc8 26. Bxf6 gxf6 27. Rb6 $16 {Petrosian,T-Sosonko,G/Las
Palmas/1980/}) 13. h3 Bf5 14. Rac1 O-O (14... b6 15. Bxb6 axb6 16. Nxb6 O-O 17.
Nxc8 Rxc8 18. Nh4 Be4 19. Bxe4 Nxe4 20. Nf5 $16) 15. Nc5 b6 16. Nh4 $1 Bxc5 (
16... Bh7 17. Nd7 $1 Nxd7 (17... Nd4 18. Nxf8 Nxe2+ 19. Kf1 Nxc1 20. Nxh7 $18)
18. Rxd7 Bxh4 19. Rxc6 $16) 17. Bxc5 $1 (17. Nxf5 Nd4 $1) 17... bxc5 18. Nxf5
Nd4 19. Ne7+ Kh7 (19... Kh8) 20. Rxd4 (20. Kf1 Rc7 21. Nd5 Nxd5 22. Bxd5 Rd8
23. Be4+ g6 24. e3 Ne6 25. Rxd8 Nxd8 26. Bd5 $18) 20... exd4 21. Nxc8 Rxc8 22.
Rc4 $1 Rb8 (22... a5 23. b3 Rc7 24. Ra4 Ra7 25. a3 {/\ b4}) 23. b3 Rb5 24. Ra4
a5 25. Rc4 Rb4 26. Rxc5 a4 27. Rc4 $1 Rxc4 28. bxc4 Nd7 29. Be4+ $1 g6 30. Kf1
Nc5 31. Bc2 Kg7 32. Ke1 g5 (32... Kf6 33. f4 g5 34. Kd2 $18) 33. Kd2 Kf6 34. e3
dxe3+ (34... Ke5 35. f4+ gxf4 36. gxf4+ $18) 35. fxe3 Ke5 36. Kc3 h5 37. Kb4
Kd6 38. a3 h4 39. gxh4 gxh4 40. Kb5 1-0

[Event "Hoogovens"]
[Site "Wijk aan Zee"]
[Date "1989.01.21"]
[Round "7"]
[White "Nikolic, Predrag"]
[Black "Piket, Jeroen"]
[Result "1-0"]
[WhiteElo "2605"]
[BlackElo "2500"]
[Annotator "Rogers,I"]
[PlyCount "81"]
[EventDate "1989.01.13"]
[EventType "tourn"]
[EventRounds "13"]
[EventCountry "NED"]
[EventCategory "13"]
[SourceTitle "CBM 011"]
[Source "ChessBase"]
[SourceDate "1989.08.01"]
[SourceVersion "1"]
[SourceVersionDate "1989.08.01"]
[SourceQuality "1"]

1. Nf3 Nf6 2. d4 d5 3. Bf4 Bf5 4. c4 c6 5. e3 e6 6. Nc3 Nbd7 7. Qb3 Qb6 {
To the untrained eye the previous moves might seem to be the recipe for a
short draw; the position is more or less symmetrical and an exchange of queens
is inevitable. However Nikolic, who is far from being an unambitious player,
knows better. By following a plan used more than once by his Olympiad teammate
V. Kovacevic, Nikolic shows that the ensuing queenless middlegame can in fact
prove very promising for White should Black fail to appreciate the dangers
early enough.} 8. c5 $1 Qxb3 9. axb3 a6 10. b4 Rc8 ({11.b5 is a positional
threat worth avoiding and} 10... O-O-O $2 11. Rxa6 $3 bxa6 $2 12. Bxa6# {
mate is not advisable, yet the text move may not be the most accurate.}) ({
In such positions White has only one dangerous plan -Nd2-b3-a5 when the b-pawn
is rather difficult to defend. Black can play to remove the knight with Be7-d8
as in the game, or simply defend the pawn with a Rd8-d7 based plan. After play
such as} 10... Rd8 11. h3 Be7 12. Nd2 Nf8 13. Nb3 Ng6 14. Bh2 O-O 15. Na5 Rd7 {
the critical question is whether White can successfully sacrifice on a6 or c6
and then queen his passed pawns. If one of the sacrifices turns out to be good
for White, one should probably abandon the Rd8-d7 idea. If not, Black's
opening problems may be solved, as ...Bd8xa5 can then follow.}) 11. h3 h6 $6 {
While White can afford the luxury of preparing a retreat for his bishop, this
move is not preempting it [mhb: for the Bf5].} ({A better defence would be} 
11... Be7 12. Nd2 O-O $5 13. Nb3 Bd8 14. Na5 Bxa5 15. bxa5 Ne8 $1 16. Ra4 Nc7
17. Rb4) ({but even here White could cause problems with} 11... Be7 12. Nd2 O-O
$5 13. Nb3 Bd8 14. Bd6 $1 {before Na5.}) 12. Nd2 Be7 13. Nb3 Bd8 14. Bd6 $1 (
14. Na5 {would also have been strong but less precise as the text move because
Black can interrupt the strategical flow of the game with} Bxa5 15. bxa5 e5 $5
16. dxe5 Ne4 17. Nxe4 Bxe4 {gaining a measure of activity in return for a pawn.
}) 14... Ne4 ({Now, since} 14... Bc7 15. Bxc7 Rxc7 16. b5 $1 cxb5 17. Nxb5 {
is good for White}) ({and} 14... Be7 15. Bh2 $3 Bd8 16. Na5 {avoids the
variation mentioned earlier, Nikolic is able to preceed with his plan in peace.
}) 15. Nxe4 Bxe4 16. f3 Bg6 17. Na5 Bxa5 18. bxa5 Kd8 {An unfortunate
necessity, since the king is the only piece which can defend the b-pawn after
Ra4-b4.} 19. Ra4 Ra8 20. Rb4 Kc8 21. h4 $1 {Having tied Black into knots on
the queenside Nikolic is free to begin play on a second front.} h5 22. Rh3 $6
Bf5 {Otherwise Black's bishop will be tied to g6 after 23.Rg3. However, now
White's rook must commit itself to a rather awkward post with no retreat
available.} 23. Rg3 g6 24. Kd2 Re8 ({Black is in no immediate danger, so he
should be searching for a way to diminish White's grip on the queenside. To
that end} 24... Rg8 {/\...Nf6-e8-c7-b5 appears to be the most logical defence
when it would be up to White to prove that he could made the decisive
breakthrough.}) 25. Rg5 $1 (25. e4 $2 {fails to} dxe4 26. fxe4 Bxe4 27. Rgb3
Bd5 $1 ({not} 27... Ra7 $2 28. Rxb7 $1)) 25... f6 $2 {Piket has seen a
tactical trick which he hopes will enable him to free his position at last.
However the opening up of the game not unexpectedly favours White and the text
move irrevocably weakens g6. The main aim of 25.Rg5 was to provoke f6 through
the pseudo- threat 26.g4? and Piket kindly falls for the lure.} (25... Rg8 {
was still playable.}) 26. Rg3 g5 27. Bd3 $1 (27. hxg5 $2 h4) 27... g4 ({
By now Piket had probably realised that} 27... gxh4 28. Rg7 {leaves Black in
near zugzwang; he can only try} h3 $5 29. gxh3 $1 Bxh3 {However after} 30. Rh7
{White will take the h-pawn and win at his leisure since Black's pieces can
hardly move.}) 28. e4 dxe4 ({Another concession, but on} 28... Bg6 29. exd5
Bxd3 30. dxc6 $1 {wins.}) 29. fxe4 Bg6 30. Bc2 $1 f5 31. e5 Rg8 32. Rgb3 Ra7
33. Bd3 {/\34.Rxb7 Rxb7 35.Bxa6} Nb8 {The culmination of White's opening
strategy. Every Black piece is passive while White is ready to bring his only
inactive piece into the game.} 34. Ke3 $1 Rg7 35. Kf4 Bf7 36. Rb6 {Beginning
to operate with threats.} Be8 ({37.Bxb8 Kxb8 38.Rxc6 is the idea and} 36... Nd7
{loses as usual to} 37. Rxb7) 37. d5 $1 cxd5 38. Bxb8 Kxb8 39. Rxe6 Ba4 {
As good as anything. All Black's pawns are vulnerable so Piket tries one last
trick.} 40. Rb4 g3 41. Bxf5 ({If} 41. Bxf5 Bd7 42. Rg6 {wins easily.}) 1-0